Catàleg d'espectacles literaris i poètics...
ISBN:
84-7794-430-X
Descripción Física:
2 v. ; 21 cm
MARC
| LEADER | 00000nam a2200000Ia 4500 | ||
|---|---|---|---|
| 001 | 10806, 11237 | ||
| 008 | 160829s1995 - 1996 xx 000 0 cat d | ||
| 020 | |a 84-7794-430-X (1996) | ||
| 080 | |a L-1-310, L-1-311 | ||
| 245 | |a Catàleg d'espectacles literaris i poètics... | ||
| 250 | |a Ed. no venal | ||
| 260 | |a Barcelona : |b Diputació de Barcelona. Servei de Cultura, |c 1995 - 1996 | ||
| 300 | |a 2 v. ; |c 21 cm | ||
| 650 | |a Animació sociocultural |x Catalunya |9 38012 | ||
| 650 | |a Espectacles i passatemps |x Catalunya |x Guies |9 38013 | ||
| 710 | 1 | |a Barcelona (Catalunya : Província). |b Servei de Cultura |9 54401 | |
| 866 | |a 1995, 1996 | ||
| 901 | |a Arxiu | ||
| 942 | |n 1 | ||
| 952 | |0 0 |1 0 |4 0 |6 L1310_L1311 |7 1 |9 48202 |a Arxiu |b Arxiu |d 2016-12-01 |l 0 |o L-1-310, L-1-311 |p 10806, 11237 |r 2016-12-01 00:00:00 |w 2016-12-01 |y ARXIU | ||
| 999 | |c 52008 |d 52008 | ||